Proceso penal, privacidad y autodeterminación informativa en la persecución penal de la delincuencia organizada: un análisis desde la perspectiva del derecho procesal penal alemán = Criminal action, privacy and informative self-determination in the criminal prosecution of organized crime : an analysis from the perspective of German criminal procedural law = Processo penal, privacidade e auto-determinação informativa na perseguição penal da delinquência organizada : uma análise desde a perspectiva do direito processual penal alemão

El surgimiento y fortalecimiento de la delincuencia organizada en las últimas décadas del siglo XX determinan un cambio en las herramientas de investigación penal y su regulación en muchos sistemas jurídicos. Estos instrumentos, apoyados en el desarrollo de nuevas tecnologías, poseen características...

Ausführliche Beschreibung

Gespeichert in:  
Bibliographische Detailangaben
1. VerfasserIn: Romero Sánchez, Angélica (Verfasst von)
Medienart: Elektronisch Aufsatz
Sprache:Spanisch
Veröffentlicht: 2015
In: Revista Criminalidad
Jahr: 2015, Band: 57, Heft: 2, Seiten: 319-333
Online-Zugang: Volltext (kostenfrei)
Volltext (kostenfrei)
Verfügbarkeit prüfen: HBZ Gateway
Schlagwörter:

MARC

LEADER 00000caa a22000002c 4500
001 1926598636
003 DE-627
005 20250902133852.0
007 cr uuu---uuuuu
008 250526s2015 xx |||||o 00| ||spa c
024 7 |a 10.47741/17943108.156  |2 doi 
035 |a (DE-627)1926598636 
035 |a (DE-599)KXP1926598636 
040 |a DE-627  |b ger  |c DE-627  |e rda 
041 |a spa 
084 |a 2,1  |2 ssgn 
100 1 |a Romero Sánchez, Angélica  |e VerfasserIn  |0 (DE-588)1232452378  |0 (DE-627)1756604363  |4 aut 
109 |a Romero Sánchez, Angélica  |a Sánchez, Angélica Romero 
245 1 0 |a Proceso penal, privacidad y autodeterminación informativa en la persecución penal de la delincuencia organizada  |b un análisis desde la perspectiva del derecho procesal penal alemán = Criminal action, privacy and informative self-determination in the criminal prosecution of organized crime : an analysis from the perspective of German criminal procedural law = Processo penal, privacidade e auto-determinação informativa na perseguição penal da delinquência organizada : uma análise desde a perspectiva do direito processual penal alemão  |c Angélica Romero Sánchez 
246 3 1 |a Criminal action, privacy and informative self-determination in the criminal prosecution of organized crime  |b an analysis from the perspective of German criminal procedural law 
246 3 1 |a Processo penal, privacidade e auto-determinação informativa na perseguição penal da delinquência organizada  |b uma análise desde a perspectiva do direito processual penal alemão 
264 1 |c 2015 
336 |a Text  |b txt  |2 rdacontent 
337 |a Computermedien  |b c  |2 rdamedia 
338 |a Online-Ressource  |b cr  |2 rdacarrier 
500 |a Literaturverzeichnis: Seite 332-333 
520 |a El surgimiento y fortalecimiento de la delincuencia organizada en las últimas décadas del siglo XX determinan un cambio en las herramientas de investigación penal y su regulación en muchos sistemas jurídicos. Estos instrumentos, apoyados en el desarrollo de nuevas tecnologías, poseen características que los diferencian de las clásicas medidas de investigación. En el presente artículo se describe esta transformación en el proceso penal alemán (I), analizando el contexto en que se ha originado la regulación de estos nuevos instrumentos de investigación penal de la delincuencia organizada (A), estudiando sus características especiales (B) y deduciendo las características generales (C). Posteriormente se reseña, desde la perspectiva de la doctrina y jurisprudencia alemanas, el significado de dos libertades fundamentales afectadas con la ejecución de tales mecanismos (II): el derecho a la privacidad (A) y el derecho a la autodeterminación informativa (B). Cómo conciliar el uso de estas medidas de investigación y su afectación a las garantías fundamentales mencionadas, constituye el tercer apartado del artículo (III). En este se examinan los diferentes presupuestos desarrollados por la doctrina y la jurisprudencia alemanas, para legitimar este tipo de intervenciones. Seguidamente (IV) se describe, de manera general, la estructura desarrollada por el legislador alemán para la regulación de las medidas de investigación aquí tratadas, teniendo en cuenta los presupuestos señalados en el acápite precedente. Finalmente, las conclusiones están dirigidas a reflexionar acerca de la importancia de una regulación estructurada de aquellas medidas de investigación, de carácter secreto y utilizadas en la persecución penal de determinados tipos de criminalidad, como la delincuencia organizada, cuyo empleo acarrea graves injerencias en derechos fundamentales. 
520 |a The emergence and invigoration of organized crime in the past few decades of the 20th century have imposed a change in criminal investigation tools and regulation in many juridical aspects. The features of these instruments, as supported by the development of new technologies, make them different from the classical investigative measures. In this article, the transformation of the German legal procedure is described by: I) analyzing the context from which the regulation of these new criminal investigation of organized crime instruments have emerged (A), studying their particular features (B), and deducting the general characteristics (C). Subsequently, from the perspective of German doctrine and jurisprudence, a review is made of the meaning of two fundamental freedoms affected with the enforcement of these mechanisms: II) the right to privacy (A), and the right to informational self determination (B). How is it possible to reconcile the use of these investigative measures and the way they adversely affect the above-mentioned fundamental liberties or guarantees makes part of the third item (III) in this article, where the different assumptions developed by German doctrine and jurisprudence are examined as to legitimize this type of interventions. Then (IV), in a general manner, the structure developed by the German legislator concerning the regulation of the investigative measures analyzed herein, by taking into account the above assumptions seen in the foregoing section. Finally, the conclusions are aimed at reflecting about the importance of a structured regulation for any such investigation measures of secret nature and used in the prosecution of particular types of criminality like organized crime, the use of which entails very serious interference in fundamental rights. 
520 |a O surgimento e fortalecimento da delinquência organizada nas últimas décadas do século XX determinam uma mudança nas ferramentas da investigação penal e seu regulamento em muitos sistemas legais. Estes instrumentos, suportados no desenvolvimento de novas tecnologias, têm as características que os diferenciam das medidas clássicas da investigação. Neste artigo, esta transformação no processo penal alemão (I) é descrito, analisando o contexto em que o regulamento destes instrumentos novos da investigação penal da delinquência organizada (A) foi originada, estudando suas características especiais (B) e deduzindo as características gerais (C). Posteriormente resenha-se, desde a perspectiva da doutrina e da jurisprudência alemãs, o significado de duas liberdades fundamentais afetadas com a execução de tais mecanismos (II): o direito à privacidade (A) e o direito à auto-determinação informativa (B). Como conciliar o uso destas medidas da investigação e da sua afetação às garantias fundamentais mencionadas, constitui a terceira seção do artigo (III). Neste, os pressupostos diferentes desenvolvidos pela doutrina e pela jurisprudência alemãs são examinados, para legitimar este tipo de intervenções. Seguidamente (IV) descreva-se, em geral, a estrutura desenvolvida pelo legislador alemão para o regulamento das medidas da investigação tratadas aqui, considerando os pressupostos indicados no parágrafo precedente. Finalmente, as conclusões são dirigidas para refletir sobre a importância de um regulamento estruturado daquelas medidas da investigação, de caráter secreto e usadas na perseguição penal de determinados tipos de criminalidade, como a delinquência organizada, cujo uso ocasiona interferências sérias em direitos fundamentais. 
650 4 |a criminal action 
650 4 |a criminal proceeding 
650 4 |a delincuencia organizada 
650 4 |a delinquência organizada 
650 4 |a Organized crime 
650 4 |a proceso penal 
650 4 |a processo penal 
773 0 8 |i Enthalten in  |t Revista Criminalidad  |d Bogotá : Policía Nacional de Colombia, 2004  |g 57(2015), 2, Seite 319-333  |h Online-Ressource  |w (DE-627)721933254  |w (DE-600)2675643-2  |w (DE-576)369754328  |x 2256-5531  |7 nnas 
773 1 8 |g volume:57  |g year:2015  |g number:2  |g pages:319-333 
856 4 0 |u https://doi.org/10.47741/17943108.156  |x Resolving-System  |z kostenfrei  |7 0 
856 4 0 |u https://revistacriminalidad.policia.gov.co:8000/index.php/revcriminalidad/article/view/156/230  |x Verlag  |z kostenfrei  |3 Volltext  |7 0 
951 |a AR 
ELC |a 1 
LOK |0 000 xxxxxcx a22 zn 4500 
LOK |0 001 472805991X 
LOK |0 003 DE-627 
LOK |0 004 1926598636 
LOK |0 005 20250902133852 
LOK |0 008 250526||||||||||||||||ger||||||| 
LOK |0 040   |a DE-21-110  |c DE-627  |d DE-21-110 
LOK |0 092   |o n 
LOK |0 852   |a DE-21-110 
LOK |0 852 1  |9 00 
LOK |0 935   |a krzo 
LOK |0 939   |a 26-05-25  |b l01 
OAS |a 1 
ORI |a SA-MARC-krimdoka001.raw